<?xml version="1.0" encoding="UTF-8"?>
<record
    xmlns:xsi="http://www.w3.org/2001/XMLSchema-instance"
    xsi:schemaLocation="http://www.loc.gov/MARC21/slim http://www.loc.gov/standards/marcxml/schema/MARC21slim.xsd"
    xmlns="http://www.loc.gov/MARC21/slim">

  <leader>01407nam a22002777i 4500</leader>
  <datafield tag="999" ind1=" " ind2=" ">
    <subfield code="c">23647</subfield>
    <subfield code="d">23647</subfield>
  </datafield>
  <controlfield tag="003">AR-CdUCM</controlfield>
  <controlfield tag="008">260428b    2021sp d|||| |||| 00| 0 spa d</controlfield>
  <datafield tag="020" ind1=" " ind2=" ">
    <subfield code="a">978-84-1352-258-6</subfield>
  </datafield>
  <datafield tag="040" ind1=" " ind2=" ">
    <subfield code="a">MUNICIPALIDAD PROVINCIAL DEL CUSCO</subfield>
    <subfield code="c">BIBLIOTECA MUNICIPAL DEL CUSCO</subfield>
  </datafield>
  <datafield tag="082" ind1=" " ind2=" ">
    <subfield code="a">510</subfield>
    <subfield code="b">V66</subfield>
  </datafield>
  <datafield tag="100" ind1=" " ind2=" ">
    <subfield code="a">Villani, C&#xE9;dric</subfield>
  </datafield>
  <datafield tag="245" ind1=" " ind2=" ">
    <subfield code="a">C&#xF3;mo nace un teorema :</subfield>
    <subfield code="b">una aventura matem&#xE1;tica / </subfield>
  </datafield>
  <datafield tag="260" ind1=" " ind2=" ">
    <subfield code="a">Espa&#xF1;a : </subfield>
    <subfield code="b">Los Libros de la Catarata</subfield>
    <subfield code="c">2021</subfield>
  </datafield>
  <datafield tag="300" ind1=" " ind2=" ">
    <subfield code="a">238 p&#xE1;ginas. : </subfield>
    <subfield code="c">14x22 cm.</subfield>
  </datafield>
  <datafield tag="505" ind1=" " ind2=" ">
    <subfield code="a">Introducci&#xF3;n a la investigaci&#xF3;n matem&#xE1;tica -- Planteamiento del problema -- Colaboraci&#xF3;n cient&#xED;fica -- Intercambio de correos acad&#xE9;micos -- Desarrollo de hip&#xF3;tesis -- Momentos de bloqueo intelectual -- Viajes y conferencias -- Uso de herramientas matem&#xE1;ticas -- Discusi&#xF3;n con colegas -- Avances parciales del teorema -- Dificultades t&#xE9;cnicas -- Revisi&#xF3;n de resultados -- Proceso de validaci&#xF3;n -- Redacci&#xF3;n del art&#xED;culo cient&#xED;fico -- Publicaci&#xF3;n del teorema</subfield>
  </datafield>
  <datafield tag="650" ind1=" " ind2=" ">
    <subfield code="a">Matem&#xE1;ticas - Investigaci&#xF3;n</subfield>
    <subfield code="9">52739</subfield>
  </datafield>
  <datafield tag="650" ind1=" " ind2=" ">
    <subfield code="a">Teor&#xED;a matem&#xE1;tica - Desarrollo</subfield>
    <subfield code="9">52740</subfield>
  </datafield>
  <datafield tag="650" ind1=" " ind2=" ">
    <subfield code="a">Investigaci&#xF3;n cient&#xED;fica - Metodolog&#xED;a</subfield>
    <subfield code="9">52741</subfield>
  </datafield>
  <datafield tag="650" ind1=" " ind2=" ">
    <subfield code="a">Matem&#xE1;ticos - Biograf&#xED;as</subfield>
    <subfield code="9">52742</subfield>
  </datafield>
  <datafield tag="650" ind1=" " ind2=" ">
    <subfield code="a">Divulgaci&#xF3;n cient&#xED;fica</subfield>
    <subfield code="9">52743</subfield>
  </datafield>
  <datafield tag="650" ind1=" " ind2=" ">
    <subfield code="a">Creatividad en la ciencia</subfield>
    <subfield code="9">52744</subfield>
  </datafield>
  <datafield tag="856" ind1=" " ind2=" ">
    <subfield code="f">www.catarata.org</subfield>
  </datafield>
  <datafield tag="942" ind1=" " ind2=" ">
    <subfield code="2">ddc</subfield>
    <subfield code="c">LIBROS</subfield>
  </datafield>
  <datafield tag="945" ind1=" " ind2=" ">
    <subfield code="a">esh</subfield>
    <subfield code="d">28-04-2026</subfield>
  </datafield>
  <datafield tag="952" ind1=" " ind2=" ">
    <subfield code="0">0</subfield>
    <subfield code="2">ddc</subfield>
    <subfield code="4">0</subfield>
    <subfield code="7">0</subfield>
    <subfield code="a">SC</subfield>
    <subfield code="b">SC</subfield>
    <subfield code="c">CART</subfield>
    <subfield code="d">2026-04-28</subfield>
    <subfield code="e">Donaci&#xF3;n</subfield>
    <subfield code="g">70.00</subfield>
    <subfield code="o">510 / V66</subfield>
    <subfield code="p">SC0000002481</subfield>
    <subfield code="r">2026-04-28</subfield>
    <subfield code="y">LIBROS</subfield>
  </datafield>
</record>
